Economics of development toward inclusive growth
Furkejuvvon:
| Váldodahkki: | |
|---|---|
| Materiálatiipa: | Girji |
| Giella: | eaŋgalasgiella |
| Almmustuhtton: |
SAGE
2020
|
| Fáddágilkorat: |
Lasit fáddágilkoriid
Eai fáddágilkorat, Lasit vuosttaš fáddágilkora!
|
MARC
| LEADER | 00000nam a22000007a 4500 | ||
|---|---|---|---|
| 008 | 230823b |||||||| |||| 00| 0 eng d | ||
| 020 | |a 9789353282950 | ||
| 100 | |a NAQVI, Syed Nawab Haider | ||
| 245 | |a Economics of development |b toward inclusive growth |c /Syed Nawab Haider Naqvi |g xii,214p | ||
| 250 | |b 2nd | ||
| 260 | |b SAGE |c 2020 |h New Delhi |i 700518 |i 700519 |l HC59.7.N16 |m Economic development - Developing countries |m Developing countries - Economic policy | ||
| 500 | |a it includes references and index | ||
| 942 | |a lcc |c BK |e Johnson |f 23/08/23 | ||
| 952 | |0 0 |1 0 |2 lcc |4 0 |6 HC00597 N16 |7 0 |9 4423 |a SSL |b HOL |c GJ |d 2023-08-23 |l 0 |o HC59.7.N16 |p 2023-0346 |r 2023-08-23 00:00:00 |t 700518 |w 2023-08-23 |y BK | ||
| 952 | |0 0 |1 0 |2 lcc |4 0 |6 HC00597 N16 |7 0 |9 4424 |a HOL |b HOL |c GJ |d 2023-08-23 |l 0 |o HC59.7.N16 |p 2023-0347 |r 2023-08-23 00:00:00 |t 700519 |w 2023-08-23 |y BK | ||
| 999 | |c 2221 |d 2221 | ||